Дело по прошению коллежского асессора Пономарева о пенсии

Доступно только в Электронных читальных залах Найти на картеНа карте
RUSMARC
00003999nmc2a22000003x 450
0015681f5fb-b4f4-482f-942b-12e1d3085e6d
00520180703143414.0
100##$a20160916l18481851k l0rusy0189 ca
1010#$arus
102##$aRU
2001#$aДело по прошению коллежского асессора Пономарева о пенсии
$j19 апреля 1848 г. - 20 апреля 1851 г.
251##$cДело
300##$aДело
300##$aОриг. заголовок дела: Дело о пенсии коллежскому секретарю Пономареву. 19 апреля 1848 г. - 20 апреля 1851 г
801#0$aRU
$bРГИА
$c20160916
$gRCR
801#1$aRU
$bГлавНИВЦ
$c20160916
$2rusmarc
801#2$aRU
$bПБ им. Б.Н. Ельцина
$c20180703
$gRCR
$2rusmarc
850##$aРГИА
852##$aРГИА
$eФедеральное казенное учреждение "Российский государственный исторический архив" (РГИА)
$j577
937##$hРГИА
$d12207339
$aASBIBLIO_SCAN
462#0$1001b10ba812-5b92-4a75-bb2f-801a76554cc3
$12001
$a1848-1849 гг. Дела Департамента полиции исполнительной МВД за 1848 г.
$1251
$cОпись
$1852
$j11
461#0$10013e300ed0-cd39-49af-8489-5ba5b90fa401
$12001
$aДепартамент полиции исполнительной МВД
$1251
$cФонд
$1852
$j1286
215##$a27 л.
$d36,5х26 см
371##$aДокумент не является опубликованным и широко распространяемым
105##$ay###
1222#$ad
5171#$aДело о пенсии коллежскому секретарю Пономареву. 19 апреля 1848 г. - 20 апреля 1851 г
035##$a5681f5fb-b4f4-482f-942b-12e1d3085e6d
856##$uhttp://readingroom.main.prlib.ru/item.aspx?id_node=n116648521&mode=full
Формат отображения